Catálogo público

Modern pig production technology: a practical guide to profit / John Gadd (Record no. 217183)

MARC details
000 -CABECERA
campo de control de longitud fija 00879nam a2200277Ia 4500
001 - NÚMERO DE CONTROL
campo de control Z_6908
008 - DATOS DE LONGITUD FIJA--INFORMACIÓN GENERAL
campo de control de longitud fija 220601s9999 xx 000 0 und d
020 ## - NÚMERO INTERNACIONAL ESTÁNDAR DEL LIBRO
Número Internacional Estándar del Libro 978-1-907284-47-2
082 ## - NÚMERO DE LA CLASIFICACIÓN DECIMAL DEWEY
Número de clasificación 636.41 G33
100 ## - ENTRADA PRINCIPAL--NOMBRE DE PERSONA
Nombre de persona Gadd, John
9 (RLIN) 184563
245 ## - MENCIÓN DE TÍTULO
Título Modern pig production technology: a practical guide to profit / John Gadd
260 ## - PUBLICACIÓN, DISTRIBUCIÓN, ETC.
Lugar de publicación, distribución, etc. Nottingham, Reino Unido : Nottingham University Press
300 ## - DESCRIPCIÓN FÍSICA
Extensión xvi, 596 p.
503 ## - NOTA DE HISTORIA BIBLIOGRÁFICA (BK CF MU) [OBSOLETO]
Nota de historia bibliográfica ej.1: consumo \ ej.2: consumo \ ej.3: consumo (zootecnia)
504 ## - NOTA DE BIBLIOGRAFÍA, ETC.
Nota de bibliografía, etc. Incluye bibliografía
650 #0 - PUNTO DE ACCESO ADICIONAL DE MATERIA--TÉRMINO DE MATERIA
Término de materia o nombre geográfico como elemento de entrada Cerdos
9 (RLIN) 152255
650 ## - PUNTO DE ACCESO ADICIONAL DE MATERIA--TÉRMINO DE MATERIA
Término de materia o nombre geográfico como elemento de entrada Producción de cerdos
9 (RLIN) 146310
650 ## - PUNTO DE ACCESO ADICIONAL DE MATERIA--TÉRMINO DE MATERIA
Término de materia o nombre geográfico como elemento de entrada Cerdos -- Cría
650 ## - PUNTO DE ACCESO ADICIONAL DE MATERIA--TÉRMINO DE MATERIA
Término de materia o nombre geográfico como elemento de entrada Producción animal
9 (RLIN) 91859
650 ## - PUNTO DE ACCESO ADICIONAL DE MATERIA--TÉRMINO DE MATERIA
Término de materia o nombre geográfico como elemento de entrada Tecnología de producciónÌ
901 ## - ELEMENTOS DE DATOS A LOCAL LDA (RLIN)
a 636.41 G33
902 ## - ELEMENTOS DE DATOS B LOCAL, LDB (RLIN)
a M
905 ## - ELEMENTOS DE DATOS E LOCAL, LDE (RLIN)
a 5232272011 xxkamn 8222223322eng16
942 ## - ELEMENTOS DE PUNTO DE ACCESO ADICIONAL (KOHA)
Tipo de ítem Koha Libro_
Holdings
Estado de retiro Estado de pérdida Fuente del sistema de clasificación o colocación Estado dañado No para préstamo Código de colección Localización permanente Ubicación/localización actual Ubicación en estantería Fecha de adquisición Total de préstamos Código de barras Fecha visto por última vez Número de copia Precio válido a partir de Tipo de ítem Koha Fecha del último préstamo
    Dewey Decimal Classification     General Zootecnia Zootecnia   17/05/2018   z_7061 02/06/2022 3 02/06/2022 Libro  
    Dewey Decimal Classification     General Zootecnia Zootecnia   29/09/2017 1 z_6999 13/04/2023 1 02/06/2022 Libro 13/04/2023
    Dewey Decimal Classification     General Zootecnia Zootecnia   29/09/2017   z_7000 02/06/2022 2 02/06/2022 Libro